000 00538nam a2200181Ia 4500
005 20250326123734.0
008 250326s9999 xx 000 0 und d
037 _aTextbook
040 _aFMSL
_beng
_cFMSL
041 _aeng
_2eng
084 _aX:8 P2
_qFMSL
100 _aMaier R
_9735952
245 0 _aKnowledge management systems : information and communication technologies for knowledge management
_cMaier R
260 _aNY
_bNY, Springer
_c2002
300 _a574p
942 _cTB
_hX:8 P2
999 _c1270739
_d1270739